00486nam a2200133Ia 4500003000900000008004100009040001600050100003300066245011000099260004100209942000700250999001700257952007800274IN-BaIIA211028s9999 xx 000 0 eng d cIIA Library aHermann Schlagintweit937448 0aReport on the proceedings of the officers engaged in the magnetic survey of IndiacSchlagintweit, Hermann aMadrasbPublished by Authorityc1855 cBK c19605d19605 00104070aBANbBANcGENd0000-00-00l0p271r2021-11-05w0000-00-00yBK